[Event "GER-chT U10"]
[Site "Magdeburg"]
[Date "2015.12.28"]
[Round "4.4"]
[White "Bildat, Emilia"]
[Black "Gueldenpfennig, Carl"]
[Result "1/2-1/2"]
[WhiteElo "981"]
[BlackElo "1049"]
[PlyCount "55"]
[EventDate "2015.12.27"]
[EventType "team-swiss"]
[EventRounds "7"]
[EventCountry "GER"]
[SourceTitle "EXT 2017"]
[Source "ChessBase"]
[SourceDate "2016.10.25"]
[SourceVersion "1"]
[SourceVersionDate "2016.10.25"]
[SourceQuality "1"]
[WhiteTeam "Lueneburg Turm"]
[BlackTeam "Leipzig Gruen Weiss"]
[WhiteTeamCountry "GER"]
[BlackTeamCountry "GER"]

1. d4 d5 2. Nf3 e6 3. Bf4 f5 4. e3 Nf6 5. Ne5 Nbd7 6. Be2 Be7 7. 0-0 Nxe5 8. dxe5 Ne4 9. Bh5+ g6 10. Bf3 Bf8 11. Bxe4 fxe4 12. c4 Bg7 13. Nc3 c6 14. b3 Bd7 15. Qg4 Qa5 16. Rac1 0-0-0 17. Rfd1 dxc4 18. bxc4 Bxe5 19. Bxe5 Qxe5 20. Rd2 Qf6 21. Nxe4 Qe7 22. Nd6+ Kc7 23. Qg3 e5 24. Rd4 h5 25. h4 g5 26. Rcd1 gxh4 27. Rxh4 Rhg8 28. Qh2 1/2-1/2